Cold mountain : (Record no. 1030)

MARC details
000 -LEADER
fixed length control field 00604nam a2200229 a 4500
005 - DATE AND TIME OF LATEST TRANSACTION
control field 20260322212044.0
008 - FIXED-LENGTH DATA ELEMENTS--GENERAL INFORMATION
fixed length control field data
010 ## - LIBRARY OF CONGRESS CONTROL NUMBER
LC control number 98-011053
020 ## - INTERNATIONAL STANDARD BOOK NUMBER
International Standard Book Number 0375700757
020 ## - INTERNATIONAL STANDARD BOOK NUMBER
International Standard Book Number 9780375700750
040 ## - CATALOGING SOURCE
Original cataloging agency Donation
099 ## - LOCAL FREE-TEXT CALL NUMBER (OCLC)
Classification number FRACC
001 - CONTROL NUMBER
control field data
100 1# - MAIN ENTRY--PERSONAL NAME
Personal name Frazier, Charles,
Dates associated with a name 1950-
245 10 - TITLE STATEMENT
Title Cold mountain :
Remainder of title a novel
Statement of responsibility, etc. by Charles Frazier.
250 ## - EDITION STATEMENT
Edition statement Vintage contemporaries ed.
260 ## - PUBLICATION, DISTRIBUTION, ETC.
Place of publication, distribution, etc. New York
Name of publisher, distributor, etc. Vintage Books
Date of publication, distribution, etc. 1998
300 ## - PHYSICAL DESCRIPTION
Extent 449 p. :
Other physical details map ;
Dimensions 21 cm.
650 #4 - SUBJECT ADDED ENTRY--TOPICAL TERM
Topical term or geographic name entry element Historical fiction.
650 #4 - SUBJECT ADDED ENTRY--TOPICAL TERM
Topical term or geographic name entry element Love stories.
650 02 - SUBJECT ADDED ENTRY--TOPICAL TERM
Topical term or geographic name entry element United States
General subdivision history
-- history
Form subdivision fiction
Holdings
Withdrawn status Lost status Damaged status Not for loan Home library Current library Shelving location Date acquired Total checkouts Full call number Barcode Date last seen Price effective from Koha item type
        Franklin Franklin General stacks 22/03/2026   GEN BC0011064 22/03/2026 22/03/2026 Books